000 00882nam a2200229Ii 4500
003 JO-AjNU
005 20240710113056.0
008 230605s9999||||xx |||||||||||||| ||und||
040 _aJO-AjNU
_bara
_erda
_cJO-AjNU
041 _aara
050 1 4 _aDS80.1999
100 3 _a عيسى، إيلين زغيب,
_eauthor
_950469
245 0 0 _aموسوعة لبنان: تاريخ-سياسة وحضارة بين الأمس واليوم، الإمارة الشهابية
264 3 1 _aبيروت: كريس،1999
300 _aج8، 142ص
_bيشتمل على ملاحق ص(97-136) ويشتمل على مراجع ببلوغرافية ص(137)
336 _atext
_btxt
_2rdacontent
337 _aunmediated
_bn
_2rdamedia
338 _avolume
_bnc
_2rdacarrier
490 0 _aموسوعة لبنان
650 4 _aلبنان -- تاريخ -- دوائر معارف 
_950470
942 _2lcc
_cREF
999 _c25802
_d25802